000 00705nam a2200217 a 4500
001 000009508
005 20240412074211.0
008 090930s19uu dr 000 p spa d
040 _aDO-SdBNP
_bspa
_cBNPHU
082 _aRD861.44
_bS445m
100 1 _aSeco, Alejo
_924322
245 1 0 _aMás poemas /
_cAlejo Seco ; prólogo José Arnaíz.
260 _aSanto Domingo :
_bITESA,
_c[19--].
300 _a215 p. ;
_c22 cm.
590 _aInventariado, 2019 / DG
650 0 _aPoesía dominicana
_966
650 0 _aLiteratura dominicana.
_967
700 1 2 _aArnaíz, José,
_epról.
_924323
710 2 _aInstituto Técnico Salesiano (República Dominicana)
_924324
910 _aValidado. Control de calidad MFF
999 _c9268
_d9268